Comentarios al cd̤igo civil y compilaciones forales

Bibliographic Details
Other Authors: Albaladejo Garca̕, Manuel (Conductor), Guilarte Zapatero, Vicente (Compiler)
Format: Unknown
Language:Spanish
Published: [Madrid] : Editorial Revista de Derecho Privado : Editorial de Derecho Reunidas, 1990
Edition:2® ed
Subjects:
Online Access:Acceso restringido

MARC

LEADER 00000ny a22000003n 4500
005 20110606123415.0
008 021017s1990 sp 000 0 spa c
035 |a 496 
040 |a UMA.DER  |d vLex 
080 |a 347(460)(094.4.07) 
090 |c 484  |d 484 
245 0 0 |a Comentarios al cd̤igo civil y compilaciones forales  |h [Recurso electrn̤ico]  |c dirigidos por Manuel Albaladejo 
250 |a 2® ed 
256 |a Servicio en ln̕ea 
260 |a [Madrid] :  |b Editorial Revista de Derecho Privado :  |b Editorial de Derecho Reunidas,  |c 1990 
500 |a Precede al tt̕. : Revista de Derecho Privado 
505 0 |t Tomo XXIII, Artc̕ulos 1822 a 1886 / 
506 1 |a Contenido solo disponible en los productos indicados  |d vLex Global  |d vLex Global (Academic Edition, excluding Law Schools)  |d vLex Global (U.S. Academic Edition, Law Schools)  |d vLex Global (U.S. Academic Edition, excluding Law Schools)  |d vLex Global (Academic Edition, Law Schools) 
650 0 4 |2 Tesauro vLex  |a Civil 
650 0 4 |2 Tesauro vLex  |a Cd̤igo civil 
650 0 4 |2 Tesauro vLex  |a Contratos 
650 0 4 |2 Tesauro vLex  |a Hipoteca 
650 0 4 |2 Tesauro vLex  |a Inmobiliario y registral 
650 0 4 |2 Tesauro vLex  |a Fianza 
650 0 4 |2 Tesauro vLex  |a Prenda 
700 1 |a Albaladejo Garca̕, Manuel,  |e dir 
700 1 |a Guilarte Zapatero, Vicente,  |e com 
740 0 |a vLex Libros (Servicios en ln̕ea) 
856 4 0 |z Acceso restringido  |u http://vlex.com/source/496 
942 |c BOOK